[Event "Tournoi Skype 017B"]
[Site "Skype"]
[Date "????.??.??"]
[Round "1.1"]
[White "Sauvaget, Joel"]
[Black "Lequeux, Pierre"]
[Result "1-0"]
[WhiteElo "1561"]
[BlackElo "1243"]
[PlyCount "79"]

1. d4 Nf6 2. Nf3 h6 3. e3 e6 4. Bd3 c5 5. c3 d5 6. O-O c4 7. Bc2 Bd6 8. Nbd2
Nc6 9. Re1 Ne4 10. Nxe4 dxe4 11. Bxe4 b5 12. Bxc6+ Bd7 13. Bxa8 Qxa8 14. a3 O-O
15. e4 Bc7 16. e5 Bd8 17. h3 Bc6 18. Bf4 g5 19. Bg3 h5 20. Nd2 Bxg2 21. Qxh5
Bh1 22. f3 Bxf3 23. Qxf3 Qb8 24. Re4 f5 25. Re2 f4 26. Bh2 a5 27. Rg2 Rf5 28.
Rf1 Kg7 29. Ne4 Kg6 30. Nf6 Bxf6 31. exf6 Rxf6 32. Re1 b4 33. Re5 Rf5 34. Rxf5
Kxf5 35. Re2 bxa3 36. bxa3 a4 37. Qe4+ Kf6 38. Qxe6+ Kg7 39. Qe5+ Qxe5 40. Rxe5
1-0

[Event "Tournoi Skype 017B"]
[Site "Skype"]
[Date "????.??.??"]
[Round "1.2"]
[White "Bustos, Ricardo"]
[Black "De Coninck, Philippe"]
[Result "0-1"]
[WhiteElo "1239"]
[BlackElo "1492"]
[PlyCount "76"]

1. c4 e5 2. Nc3 Nf6 3. g3 Nc6 4. Bg2 Bb4 5. Ne4 Nxe4 6. Bxe4 Qf6 7. a3 Bc5 8.
e3 Na5 9. b4 Nxc4 10. bxc5 c6 11. d3 d6 12. dxc4 dxc5 13. Qf3 Qe6 14. Qe2 O-O
15. Bg2 Rd8 16. Nf3 h6 17. O-O Qf6 18. Bb2 Bg4 19. Qc2 Bxf3 20. Bxf3 Qxf3 21.
Bxe5 Re8 22. Bc3 Re4 23. Bb2 Rae8 24. Qc3 f6 25. Rae1 h5 26. Qc1 h4 27. Qd1 Qf5
28. Qe2 h3 29. Bc1 Kh7 30. f3 R4e5 31. g4 Qg6 32. Qf2 f5 33. Qg3 fxg4 34. fxg4
Re4 35. Rf4 Rxf4 36. Qxf4 Re4 37. Qf3 Rxg4+ 38. Kf2 Rg2+ 0-1

[Event "Tournoi Skype 017B"]
[Site "Skype"]
[Date "????.??.??"]
[Round "1.3"]
[White "Briere, Jean"]
[Black "Homme, Jim"]
[Result "1-0"]
[WhiteElo "1487"]
[BlackElo "1236"]
[PlyCount "75"]

1. e4 e5 2. Nf3 Nc6 3. d4 d6 4. dxe5 dxe5 5. Qxd8+ Nxd8 6. Nxe5 Bd6 7. Nf3 Nc6
8. Bb5 Nge7 9. e5 Bb4+ 10. Bd2 Bxd2+ 11. Nbxd2 Bd7 12. Ne4 Bf5 13. Bd3 Nb4 14.
Nc5 O-O-O 15. Bxf5+ Nxf5 16. O-O Rd2 17. Nxd2 Nxc2 18. Rac1 Nfd4 19. Kh1 Nb4
20. a4 Nd3 21. Nxd3 Nb3 22. Nxb3 Re8 23. Nbc5 Rd8 24. Rc3 b6 25. Na6 Kb7 26.
Nxc7 Rc8 27. Rfc1 a6 28. Nb4 b5 29. axb5 axb5 30. Nxb5 Rxc3 31. Rxc3 Kb6 32.
Nd6 Ka5 33. Nxf7 Kxb4 34. e6 h5 35. e7 h4 36. e8=Q h3 37. Qb8+ Ka5 38. Ra3# 1-0

[Event "Tournoi Skype 017B"]
[Site "Skype"]
[Date "????.??.??"]
[Round "1.4"]
[White "Rescober, Joel Plata"]
[Black "Hargez, Dany"]
[Result "1-0"]
[WhiteElo "1480"]
[BlackElo "1421"]
[PlyCount "63"]

1. d4 d5 2. c4 Nf6 3. Nc3 e6 4. Nf3 Bb4 5. e3 Bxc3+ 6. bxc3 O-O 7. Be2 Ne4 8.
O-O Nxc3 9. Qc2 Ne4 10. Ba3 Re8 11. cxd5 exd5 12. Bd3 Bf5 13. Rab1 b6 14. Rfc1
c5 15. dxc5 Nd7 16. c6 Ne5 17. Nxe5 Rxe5 18. f3 Qc7 19. fxe4 dxe4 20. Bc4 Bg6
21. Rd1 Rd8 22. Rxd8+ Qxd8 23. Rd1 Qg5 24. Bc1 Re8 25. Qa4 Qe7 26. Ba3 Qe5 27.
c7 h6 28. Bd6 Qc3 29. Qxe8+ Kh7 30. c8=Q Bh5 31. Qxe4+ Bg6 32. Qcf5 1-0

[Event "Tournoi Skype 017B"]
[Site "Skype"]
[Date "????.??.??"]
[Round "1.5"]
[White "Prasad, Sanjay"]
[Black "Kruzeniski, Randy"]
[Result "0-1"]
[WhiteElo "1231"]
[BlackElo "1456"]
[PlyCount "50"]

1. c4 e5 2. d3 Nf6 3. e4 d6 4. h3 c5 5. Nf3 g6 6. Be2 Bg7 7. Nc3 a6 8. Nd5 O-O
9. Nxf6+ Bxf6 10. O-O Bd7 11. Bg5 b5 12. Bxf6 Qxf6 13. b3 h6 14. Qd2 g5 15. b4
bxc4 16. dxc4 cxb4 17. Qxb4 Nc6 18. Qc3 h5 19. Nh2 Qg6 20. f3 Nd4 21. Bd3 Ba4
22. Rf2 Kg7 23. Rb1 Bd7 24. Rb6 Rfc8 25. Rxd6 Qxd6 0-1

[Event "Tournoi Skype 017B"]
[Site "Skype"]
[Date "????.??.??"]
[Round "1.6"]
[White "Martin, Jean-Claude"]
[Black "Sahrane, Juba"]
[Result "0-1"]
[WhiteElo "1455"]
[BlackElo "1222"]
[PlyCount "86"]

1. d4 e6 2. c4 d6 3. e4 c5 4. dxc5 Qa5+ 5. Bd2 Qxc5 6. b4 Qc7 7. Nf3 Nf6 8. Bd3
a6 9. a3 e5 10. h3 Be7 11. O-O O-O 12. Nc3 Bd7 13. Rc1 Qb6 14. Be3 Qd8 15. Nd5
Nxd5 16. cxd5 h6 17. Qd2 Qe8 18. Rc7 b5 19. Ra7 Rxa7 20. Bxa7 f5 21. Bxb8 fxe4
22. Bxe4 Qxb8 23. Rc1 Qd8 24. Rc3 Bh4 25. Nxh4 Qxh4 26. Qe3 Bf5 27. Bxf5 Rxf5
28. Rc6 Rg5 29. Rxd6 Qf4 30. Qxf4 exf4 31. f3 Kf7 32. Rxa6 Rxd5 33. Ra5 Rd3 34.
Rxb5 Rxa3 35. Rf5+ Ke6 36. Rxf4 g5 37. Re4+ Kf5 38. g4+ Kf6 39. f4 gxf4 40.
Rxf4+ Kg5 41. Rf5+ Kh4 42. Rh5+ Kg3 43. Rxh6 Ra1# 0-1

[Event "Tournoi Skype 017B"]
[Site "Skype"]
[Date "????.??.??"]
[Round "1.7"]
[White "Paquay, Renaud"]
[Black "Talbot, Jacques"]
[Result "0-1"]
[WhiteElo "1221"]
[BlackElo "1452"]
[PlyCount "62"]

1. c4 e6 2. e3 Nf6 3. d4 d5 4. cxd5 exd5 5. Nc3 c5 6. dxc5 Bxc5 7. Nge2 O-O 8.
g3 Bg4 9. Bg2 Bb4 10. O-O Bxc3 11. bxc3 Nc6 12. Ba3 Re8 13. Re1 Na5 14. Bb4 Nc4
15. Qd4 a5 16. h3 Bh5 17. Nf4 axb4 18. g4 Bg6 19. g5 Nh5 20. Nxd5 Rc8 21. cxb4
Qxg5 22. h4 Qd8 23. Rac1 Nd6 24. Rcd1 Nb5 25. Qd2 Qxh4 26. Nb6 Rcd8 27. Nd7 Re7
28. Nf6+ Nxf6 29. Qxd8+ Re8 30. Qxe8+ Nxe8 31. Rd8 Qxd8 0-1

[Event "Tournoi Skype 017B"]
[Site "Skype"]
[Date "????.??.??"]
[Round "1.8"]
[White "Galani, Mahendra"]
[Black "Moumtaz, Abderrahim"]
[Result "1-0"]
[WhiteElo "1448"]
[BlackElo "1216"]
[PlyCount "81"]

1. c3 e5 2. e4 Nf6 3. d3 Bc5 4. Bg5 O-O 5. Qf3 h6 6. Bd2 d6 7. h3 Nc6 8. Be2 d5
9. exd5 Nxd5 10. Qg3 Qf6 11. Na3 a6 12. Nf3 Re8 13. Nh2 Nde7 14. O-O Nf5 15.
Qf3 Be6 16. Ng4 Qg6 17. Qe4 Bd6 18. Nc4 Bxc4 19. Qxc4 Nfe7 20. d4 e4 21. Qb3 b5
22. Be3 h5 23. Nh2 Nf5 24. d5 Ne5 25. Qd1 Nh4 26. g3 Nhf3+ 27. Nxf3 exf3 28.
Bxf3 h4 29. Bh5 Qf6 30. f4 hxg3 31. fxe5 Qxe5 32. Bf4 Qe4 33. Bxd6 Qe3+ 34. Kg2
cxd6 35. Bxf7+ Kh7 36. Qh5+ Qh6 37. Bg6+ Kg8 38. Bf7+ Kh7 39. Bxe8 Qxh5 40.
Bxh5 Re8 41. Bxe8 1-0

[Event "Tournoi Skype 017B"]
[Site "Skype"]
[Date "????.??.??"]
[Round "1.9"]
[White "Amato, Ludovica"]
[Black "Cossalter, Maurizio"]
[Result "0-1"]
[WhiteElo "1207"]
[BlackElo "1447"]
[PlyCount "88"]

1. e4 c5 2. Nf3 Nc6 3. Nc3 d6 4. d4 cxd4 5. Nxd4 e5 6. Nxc6 bxc6 7. Be2 Nf6 8.
O-O Be7 9. Be3 d5 10. exd5 cxd5 11. Nxd5 Nxd5 12. Bf3 Be6 13. c4 Nxe3 14. Bc6+
Bd7 15. Bxd7+ Qxd7 16. Qxd7+ Kxd7 17. fxe3 f6 18. Rfd1+ Kc6 19. Rac1 Bc5 20.
Rc3 Rhd8 21. Rcd3 Bxe3+ 22. Kf1 Rxd3 23. Rxd3 Bc5 24. Rg3 g6 25. a3 a5 26. Ke2
Rb8 27. Rf3 Rxb2+ 28. Kd1 f5 29. Rh3 Rxg2 30. Rxh7 Bxa3 31. h4 Rg1+ 32. Kd2 e4
33. Ke3 Bb2 34. Ra7 Bc1+ 35. Kf2 Rh1 36. Rxa5 g5 37. hxg5 Bxg5 38. Rxf5 e3+ 39.
Ke2 Rh2+ 40. Kd3 Rg2 41. Re5 Kd6 42. Re4 Rd2+ 43. Kc3 Bf6+ 44. Kb3 e2 0-1

[Event "Tournoi Skype 017B"]
[Site "Skype"]
[Date "????.??.??"]
[Round "1.10"]
[White "Ramirez Reina, Orlando"]
[Black "Lemoine, Gerard"]
[Result "1/2-1/2"]
[WhiteElo "1442"]
[BlackElo "1202"]
[PlyCount "103"]

1. e4 e6 2. d4 d5 3. exd5 Qxd5 4. c4 Qa5+ 5. Bd2 Bb4 6. a3 Bxd2+ 7. Qxd2 Qxd2+
8. Nxd2 Ne7 9. Ngf3 b6 10. Bd3 c5 11. O-O Nbc6 12. d5 exd5 13. cxd5 Nxd5 14.
Rfe1+ Be6 15. Bf5 Nc7 16. Ng5 Nd4 17. Be4 Rd8 18. Nxe6 Ncxe6 19. Nf3 h6 20.
Rad1 O-O 21. Ne5 Ng5 22. Nc6 Nxc6 23. Bxc6 f6 24. Bd5+ Nf7 25. Bxf7+ Kxf7 26.
Kf1 Rde8 27. Rd7+ Kg6 28. Rxa7 Rxe1+ 29. Kxe1 Re8+ 30. Kf1 Re4 31. Rd7 Rd4 32.
Re7 Rd1+ 33. Ke2 Rd6 34. Re3 Kf5 35. Rb3 Ke5 36. f3 Kd5 37. Rd3+ Kc6 38. Rxd6+
Kxd6 39. Kd3 Kd5 40. b4 b5 41. bxc5 Kxc5 42. Kc3 g6 43. g3 g5 44. g4 Kb6 45.
Kb4 Kc6 46. h3 Kb6 47. a4 bxa4 48. Kxa4 Kc6 49. Kb4 Kd5 50. Kc3 Ke5 51. Kd3 Kf4
52. Kd4 1/2-1/2

[Event "Tournoi Skype 017B"]
[Site "Skype"]
[Date "????.??.??"]
[Round "1.11"]
[White "Tu, Harrison"]
[Black "Rivas, Jonathan"]
[Result "0-1"]
[WhiteElo "1199"]
[BlackElo "1433"]
[PlyCount "26"]

1. e4 e6 2. Nc3 c5 3. Bd3 e5 4. Nh3 Nf6 5. O-O d6 6. g4 Bxg4 7. Nf4 Bxd1 8.
Rxd1 exf4 9. b3 a6 10. h4 f3 11. Na4 Qd7 12. Nb2 Qh3 13. Rf1 Qg2# 0-1

[Event "Tournoi Skype 017B"]
[Site "Skype"]
[Date "????.??.??"]
[Round "1.13"]
[White "Mimouni, Driss"]
[Black "Dubois, Real"]
[Result "0-1"]
[WhiteElo "1199"]
[BlackElo "1410"]
[PlyCount "78"]

1. d4 d5 2. e3 e6 3. Bc4 dxc4 4. Nf3 Nf6 5. b3 cxb3 6. cxb3 Be7 7. Ne5 O-O 8.
O-O Nbd7 9. Bb2 Nb6 10. d5 Nbxd5 11. e4 Nb6 12. a4 Qxd1 13. Rxd1 Nxe4 14. Rf1
Rd8 15. Nc3 Nd2 16. a5 Nd5 17. Nxd5 Rxd5 18. Rad1 Nxf1 19. Rxf1 Bd7 20. Ng4 Be8
21. b4 Rad8 22. Ne3 R5d7 23. b5 Bb4 24. b6 cxb6 25. Nc4 Rd1 26. Ne3 Rxf1+ 27.
Kxf1 Bxa5 28. Nf5 exf5 29. g3 Bc6 30. Bf6 gxf6 31. f3 Bxf3 32. Kf2 Bc6 33. Kg1
b5 34. h3 b4 35. Kh2 Rd2+ 36. Kg1 b3 37. h4 Rc2 38. g4 b2 39. Kf1 b1=Q# 0-1

[Event "Tournoi Skype 017B"]
[Site "Skype"]
[Date "????.??.??"]
[Round "1.14"]
[White "Farthouat, Titoine"]
[Black "Farthouat, Catherine"]
[Result "1-0"]
[WhiteElo "1398"]
[BlackElo "1197"]
[PlyCount "111"]

1. e4 e5 2. Nf3 Nf6 3. Nc3 Bb4 4. a3 Bxc3 5. dxc3 h6 6. Bc4 O-O 7. O-O a6 8.
Be3 Nc6 9. h3 b5 10. Bd5 Re8 11. Bxc6 dxc6 12. Qxd8 Rxd8 13. Rad1 Bg4 14. Rxd8+
Rxd8 15. Nxe5 Nxe4 16. Nxc6 Rd7 17. Nb8 Rd8 18. hxg4 Rxb8 19. Re1 Rd8 20. Bb6
cxb6 21. Rxe4 Rd2 22. Re8+ Kh7 23. Re7 f6 24. Re6 Rxc2 25. Rxb6 Rxb2 26. Rxa6
Rb3 27. Rb6 Rxc3 28. Rxb5 Rxa3 29. f4 Ra4 30. g5 fxg5 31. fxg5 g6 32. gxh6 Kxh6
33. Kh2 Rg4 34. Kh3 Rf4 35. g4 g5 36. Rb6+ Kg7 37. Re6 Kf7 38. Rh6 Rf1 39. Kg3
Kg7 40. Rh5 Kf6 41. Rh6+ Ke5 42. Rg6 Ke4 43. Rxg5 Rf3+ 44. Kh4 Kf4 45. Rg8 Rg3
46. Rf8+ Ke3 47. Kxg3 Ke4 48. g5 Ke5 49. Rd8 Kf5 50. Kf3 Kxg5 51. Rd6 Kf5 52.
Rd5+ Ke6 53. Rh5 Kf6 54. Kf4 Kg6 55. Ra5 Kf6 56. Ra6+ 1-0

[Event "Tournoi Skype 017B"]
[Site "Skype"]
[Date "????.??.??"]
[Round "1.15"]
[White "Kruk, Clementine"]
[Black "Cengiz, Cem"]
[Result "1-0"]
[WhiteElo "1187"]
[BlackElo "1391"]
[PlyCount "65"]

1. e4 e5 2. Nf3 Nc6 3. Bc4 Nf6 4. Ng5 d5 5. exd5 Nxd5 6. d4 exd4 7. Qe2+ Be7 8.
O-O O-O 9. h4 h6 10. Nf3 Bxh4 11. Qe4 Bf6 12. Qxd5 Qxd5 13. Bxd5 Nb4 14. Bb3
Be6 15. c3 dxc3 16. Nxc3 Bxb3 17. axb3 Nd3 18. Rd1 Rad8 19. Rxa7 Nc5 20. Rxd8
Rxd8 21. Be3 Nxb3 22. Rxb7 Na5 23. Rxc7 g5 24. b4 g4 25. bxa5 Bxc3 26. Rxc3
gxf3 27. gxf3 Ra8 28. Ra3 Kf8 29. Bxh6+ Ke8 30. a6 Kd7 31. a7 Kc8 32. Be3 Kc7
33. f4 1-0

[Event "Tournoi Skype 017B"]
[Site "Skype"]
[Date "????.??.??"]
[Round "1.16"]
[White "Perrone, Gabriel Lorenzo"]
[Black "Vincent, Andre"]
[Result "1-0"]
[WhiteElo "1390"]
[BlackElo "1187"]
[PlyCount "95"]

1. d4 d5 2. c4 Nf6 3. Nc3 e6 4. Nf3 Nbd7 5. Bg5 Be7 6. e3 h6 7. Bxf6 Bxf6 8.
Bd3 dxc4 9. Bxc4 O-O 10. O-O c6 11. Qc2 Qc7 12. Rad1 b5 13. Bd3 g6 14. Be4 Bb7
15. Nxb5 Qb8 16. Nc3 a6 17. Rc1 Rc8 18. Qb3 Ra7 19. Bxg6 Nf8 20. Be4 c5 21.
Rfe1 Bxe4 22. Qxb8 Rxb8 23. Nxe4 Nd7 24. Nxf6+ Nxf6 25. Rxc5 Rxb2 26. a4 a5 27.
h3 Ne4 28. Rcc1 Nxf2 29. Rb1 Rxb1 30. Rxb1 Ne4 31. Ne5 Ra8 32. Nc6 Nd6 33. Kf2
Kg7 34. Kf3 Kf6 35. Kf4 Nc4 36. Rb5 Kg7 37. g4 f6 38. h4 e5+ 39. dxe5 fxe5+ 40.
Nxe5 Nd6 41. Rd5 Rf8+ 42. Kg3 Ne4+ 43. Kh3 Nf2+ 44. Kg2 Nxg4 45. Nxg4 Kh8 46.
Rd6 Kh7 47. Rxh6+ Kg7 48. Kg3 1-0

[Event "Tournoi Skype 017B"]
[Site "Skype"]
[Date "????.??.??"]
[Round "1.17"]
[White "Battaglia, Gabriele"]
[Black "Kayali, Furkan"]
[Result "1-0"]
[WhiteElo "1301"]
[BlackElo "1373"]
[PlyCount "35"]

1. d4 d5 2. Nf3 c5 3. c3 Nc6 4. g3 Bg4 5. Bg2 f6 6. O-O e5 7. Qc2 e4 8. Ne1
cxd4 9. f3 d3 10. exd3 Bc5+ 11. d4 Nxd4 12. cxd4 Bxd4+ 13. Kh1 exf3 14. Bxf3
Bh3 15. Bg2 Rc8 16. Qa4+ Bd7 17. Qxd4 Rxc1 18. Qe3+ 1-0

[Event "Tournoi Skype 017B"]
[Site "Skype"]
[Date "????.??.??"]
[Round "1.18"]
[White "Blaevoet, Rebecca"]
[Black "Porcabeuf, Jean-Marc"]
[Result "1-0"]
[WhiteElo "1177"]
[BlackElo "1373"]
[PlyCount "73"]

1. e4 e6 2. Nf3 d5 3. Nc3 c5 4. Bb5+ Bd7 5. b3 a6 6. Bxd7+ Nxd7 7. Bb2 Ne7 8.
Qe2 Ng6 9. O-O Bd6 10. Rad1 O-O 11. Rfe1 Qc7 12. a4 Nf4 13. Nb5 axb5 14. Qxb5
Ra5 15. Re3 Rxb5 16. axb5 e5 17. g3 Nh3+ 18. Kg2 d4 19. Rd3 Nf4+ 20. gxf4 exf4
21. Ng1 Ne5 22. Rh3 f3+ 23. Kg3 Ng6+ 24. Kxf3 Nh4+ 25. Rxh4 Bxh2 26. Ne2 Qd6
27. Rh1 Qf6+ 28. Kg4 Qe6+ 29. Kf3 Qf6+ 30. Kg4 Qg6+ 31. Kf3 Re8 32. R1xh2 f5
33. Nf4 fxe4+ 34. Ke2 d3+ 35. cxd3 exd3+ 36. Kf3 Qc6+ 37. bxc6 1-0

[Event "Tournoi Skype 017B"]
[Site "Skype"]
[Date "????.??.??"]
[Round "1.19"]
[White "Lowery, Mike"]
[Black "Douichi, Mohammed"]
[Result "0-1"]
[WhiteElo "1369"]
[BlackElo "1172"]
[PlyCount "43"]

1. Nf3 d5 2. d4 Nc6 3. c4 e6 4. Nc3 dxc4 5. e3 b6 6. Bxc4 Bb7 7. O-O Nf6 8. Qe2
Be7 9. e4 Nxd4 10. Nxd4 Qxd4 11. Nb5 Qe5 12. Nc3 Bxe4 13. Nxe4 Nxe4 14. Bd3 Bd6
15. g3 f5 16. Bf4 Qf6 17. Bxd6 Nxd6 18. Qf3 O-O 19. b4 a6 20. Qe2 Rfe8 21. Bxa6
c6 22. Bb7 0-1

[Event "Tournoi Skype 017B"]
[Site "Skype"]
[Date "????.??.??"]
[Round "1.20"]
[White "Baker, Abi"]
[Black "Sepulveda, Lyda Marcela"]
[Result "0-1"]
[WhiteElo "1149"]
[BlackElo "1368"]
[PlyCount "60"]

1. c4 e6 2. Nc3 Nf6 3. d3 d5 4. b3 c6 5. Qc2 Bd6 6. Nf3 Nbd7 7. e4 dxc4 8. bxc4
e5 9. Be2 O-O 10. Qb3 Nc5 11. Qa3 Nxd3+ 12. Bxd3 Bxa3 13. Bxa3 Qxd3 14. Bxf8
Qxc3+ 15. Ke2 Qxc4+ 16. Ke3 Qxe4+ 17. Kd2 Kxf8 18. Rhd1 Qf4+ 19. Ke2 e4 20. Rd4
exf3+ 21. Kd3 Bf5+ 22. Kc4 Qe5 23. Rad1 fxg2 24. h4 Re8 25. a4 b5+ 26. axb5
cxb5+ 27. Kb4 g1=Q 28. Rxg1 Qxd4+ 29. Kxb5 Rb8+ 30. Kc6 Qb6# 0-1

[Event "Tournoi Skype 017B"]
[Site "Skype"]
[Date "????.??.??"]
[Round "1.21"]
[White "Vello, Pablo"]
[Black "Ceciliano, Isaac"]
[Result "1/2-1/2"]
[WhiteElo "1361"]
[BlackElo "1143"]
[PlyCount "55"]

1. d4 d5 2. e3 Nc6 3. f4 Nf6 4. Nf3 g6 5. Bd3 Bg7 6. Nbd2 O-O 7. O-O e6 8. Ne5
Nxe5 9. fxe5 Ne8 10. Qf3 f5 11. g4 Qh4 12. c4 fxg4 13. Qg3 Rxf1+ 14. Nxf1 Qh3
15. Qxh3 gxh3 16. Kf2 dxc4 17. Bxc4 Nd6 18. exd6 cxd6 19. Kg3 d5 20. Bd3 e5 21.
e4 exd4 22. Bf4 dxe4 23. Bxe4 Bf6 24. Rc1 g5 25. Bd5+ Kh8 26. Bd2 Be5+ 27. Kf2
Bf4 28. Rc7 1/2-1/2

[Event "Tournoi Skype 017B"]
[Site "Skype"]
[Date "????.??.??"]
[Round "1.22"]
[White "Bhandari, Dattatrey"]
[Black "Karia, Kirti"]
[Result "0-1"]
[WhiteElo "1134"]
[BlackElo "1354"]
[PlyCount "46"]

1. c4 e5 2. Nf3 Nc6 3. d4 exd4 4. Nxd4 Nxd4 5. Qxd4 c5 6. Qe5+ Be7 7. Qxg7 Bf6
8. Qg3 d5 9. e3 Ne7 10. Bd3 Rg8 11. Qf3 dxc4 12. Bxh7 Bg4 13. Qxg4 Rxg4 14. O-O
Qb6 15. Na3 O-O-O 16. Nxc4 Rxc4 17. Rb1 Rh4 18. a3 Rxh7 19. b3 Qc7 20. g3 Rdh8
21. f4 Rxh2 22. Rf3 Qc6 23. a4 Qxf3 0-1

[Event "Tournoi Skype 017B"]
[Site "Skype"]
[Date "????.??.??"]
[Round "1.23"]
[White "Picard, Mario"]
[Black "Alverson, Ginny"]
[Result "1/2-1/2"]
[WhiteElo "1350"]
[BlackElo "1124"]
[PlyCount "58"]

1. d4 Nf6 2. c4 e6 3. Nc3 c5 4. e3 Nc6 5. Nf3 cxd4 6. exd4 Bb4 7. a3 Bxc3+ 8.
bxc3 O-O 9. Bd3 d5 10. Bg5 h6 11. Bxf6 Qxf6 12. cxd5 exd5 13. O-O Nxd4 14. cxd4
Bg4 15. Bb1 Bxf3 16. Qxf3 Qxd4 17. Qf5 g6 18. Qd3 Qxa1 19. Qxd5 Rab8 20. Qd6
Rbe8 21. Bxg6 Qg7 22. Bd3 Rd8 23. Qg3 Rxd3 24. Qxd3 Re8 25. Qb5 Rb8 26. Qd7 f6
27. Qd5+ Kh7 28. Qd3+ Qg6 29. Qd7+ Qg7 1/2-1/2

[Event "Tournoi Skype 017B"]
[Site "Skype"]
[Date "????.??.??"]
[Round "1.24"]
[White "Martin, Elise"]
[Black "Gieschen, Mike"]
[Result "1-0"]
[WhiteElo "1038"]
[BlackElo "1339"]
[PlyCount "105"]

1. e4 c5 2. c4 d6 3. d3 Nc6 4. Be3 Nf6 5. Nc3 e5 6. Nf3 Be7 7. Be2 O-O 8. O-O
Bg4 9. h3 Bxf3 10. Bxf3 a6 11. Na4 b5 12. Nc3 Qb6 13. Nd5 Nxd5 14. exd5 Nd4 15.
Bxd4 exd4 16. Be4 bxc4 17. Qh5 g6 18. Qe2 cxd3 19. Bxd3 Rfb8 20. b3 a5 21. Qxe7
Rb7 22. Qe4 Rab8 23. Rab1 Qa7 24. Qe2 a4 25. Kh2 axb3 26. axb3 Rxb3 27. Rxb3
Rxb3 28. Qe8+ Kg7 29. Qe2 Qb7 30. h4 Qxd5 31. f3 Rc3 32. g4 Qe5+ 33. f4 Qxe2+
34. Bxe2 Rc2 35. Rf2 c4 36. Kg3 d3 37. Bd1 Rxf2 38. Kxf2 d2 39. Ke2 d5 40. Kxd2
Kf6 41. g5+ Ke6 42. h5 gxh5 43. Bxh5 d4 44. Bg4+ Kd5 45. Bf3+ Kc5 46. Bh5 c3+
47. Kc1 d3 48. Bxf7 Kd4 49. Bh5 Ke3 50. f5 Kf2 51. f6 Ke1 52. f7 d2+ 53. Kc2
1-0

[Event "Tournoi Skype 017B"]
[Site "Skype"]
[Date "????.??.??"]
[Round "1.25"]
[White "Vervoort, Jean-Louis"]
[Black "Morin, Claude"]
[Result "1-0"]
[WhiteElo "1330"]
[BlackElo "1037"]
[PlyCount "79"]

1. d4 d5 2. c4 e6 3. Nc3 Nc6 4. Nf3 Nf6 5. Bg5 Be7 6. e3 h6 7. Bxf6 Bxf6 8. Qd2
Be7 9. Bd3 Bb4 10. Rc1 b6 11. O-O Ba6 12. cxd5 Bxc3 13. Rxc3 Bb7 14. dxc6 Bc8
15. e4 O-O 16. Bb1 Re8 17. Qd3 e5 18. Nxe5 Rxe5 19. dxe5 Qxd3 20. Rxd3 Ba6 21.
Rfd1 Bxd3 22. Rxd3 Re8 23. Rd7 Rc8 24. a3 a5 25. Ba2 Kh7 26. Bxf7 h5 27. e6 h4
28. e7 h3 29. Rd8 Rxd8 30. exd8=Q hxg2 31. Qg8+ Kh6 32. Qh8+ Kg5 33. Qxg7+ Kf4
34. Qxg2 Ke5 35. f3 Kf6 36. Qg6+ Ke7 37. Qe6+ Kf8 38. Qe8+ Kg7 39. Bh5 Kh6 40.
Qg6# 1-0

[Event "Tournoi Skype 017B"]
[Site "Skype"]
[Date "????.??.??"]
[Round "1.26"]
[White "Nalbant, Atakan"]
[Black "Ruiz Gomez, Luz Alba"]
[Result "0-1"]
[WhiteElo "1031"]
[BlackElo "1328"]
[PlyCount "24"]

1. e4 e5 2. Nf3 Nc6 3. d4 exd4 4. Nxd4 Nf6 5. e5 Nxe5 6. Bf4 Bd6 7. Qe2 Qe7 8.
Nb5 O-O 9. Nxc7 Bxc7 10. Nc3 Qe8 11. O-O-O b6 12. Qf3 Nxf3 0-1

[Event "Tournoi Skype 017B"]
[Site "Skype"]
[Date "????.??.??"]
[Round "1.27"]
[White "Torres, Vicky"]
[Black "Talbot, Jean"]
[Result "1-0"]
[WhiteElo "1323"]
[BlackElo "1031"]
[PlyCount "39"]

1. c4 c5 2. Nc3 Nf6 3. g3 e5 4. Bg2 d6 5. e3 Be7 6. Nf3 O-O 7. O-O h6 8. d4
cxd4 9. exd4 exd4 10. Nxd4 Be6 11. Nxe6 fxe6 12. Bxb7 Qc7 13. Bxa8 Qxc4 14. Qb3
Rc8 15. Qxc4 Rxc4 16. Re1 Kf7 17. Ne2 Nbd7 18. Nf4 Ne5 19. b3 Re4 20. Bxe4 1-0

[Event "Tournoi Skype 017B"]
[Site "Skype"]
[Date "????.??.??"]
[Round "1.28"]
[White "Bouffard, Georges"]
[Black "Rugman, Dan"]
[Result "0-1"]
[WhiteElo "1000"]
[BlackElo "1320"]
[PlyCount "104"]

1. d4 Nf6 2. c4 e6 3. Nc3 Bb4 4. f3 O-O 5. e4 Bxc3+ 6. bxc3 b6 7. Bd3 Ba6 8.
Ne2 Nc6 9. Bf4 Na5 10. Qa4 d6 11. Nc1 Qd7 12. Qa3 Bxc4 13. e5 Nd5 14. Bd2 dxe5
15. Qb2 Bxd3 16. Nxd3 Nc4 17. Qc1 Nxd2 18. Qxd2 exd4 19. cxd4 Rfd8 20. O-O Nf6
21. Ne5 Qxd4+ 22. Qxd4 Rxd4 23. Rad1 Rd5 24. Nc6 Kf8 25. Rfe1 Rd6 26. Rxd6 cxd6
27. Kf2 a6 28. Rb1 Nd5 29. Ke2 Nc3+ 30. Kd2 Nxb1+ 31. Kc2 Rc8 32. Kxb1 Rxc6 33.
h3 Rc3 34. Kb2 Re3 35. f4 Re2+ 36. Kb3 Rxg2 37. Kc3 Rg3+ 38. Kd4 Rxh3 39. a4 b5
40. axb5 axb5 41. f5 Rh4+ 42. Kc3 d5 43. fxe6 fxe6 44. Kb3 d4 45. Kb4 d3+ 46.
Kc3 Rh3 47. Kd2 b4 48. Kc1 Rh2 49. Kb1 d2 50. Kc2 b3+ 51. Kd1 b2 52. Kc2 b1=Q+
0-1

[Event "Tournoi Skype 017B"]
[Site "Skype"]
[Date "????.??.??"]
[Round "1.29"]
[White "Gerbaux, Regis"]
[Black "Gagnon, Sindy"]
[Result "1-0"]
[WhiteElo "1311"]
[BlackElo "1000"]
[PlyCount "45"]

1. Nf3 Nf6 2. Nc3 Nc6 3. e4 d6 4. d4 e6 5. Bc4 d5 6. exd5 Nxd5 7. Nxd5 exd5 8.
Bb3 Bb4+ 9. c3 Qe7+ 10. Be3 Ba5 11. O-O O-O 12. Bxd5 Nd8 13. Re1 h6 14. Bxh6
gxh6 15. Rxe7 Bg4 16. h3 Bh5 17. Qd3 Bg6 18. Qxg6+ Kh8 19. Qxh6+ Kg8 20. Re5
Ne6 21. Bxe6 fxe6 22. Qg6+ Kh8 23. Rh5# 1-0

[Event "Tournoi Skype 017B"]
[Site "Skype"]
[Date "????.??.??"]
[Round "1.30"]
[White "Marty, Yvette"]
[Black "Milanese, Serge"]
[Result "0-1"]
[WhiteElo "1000"]
[BlackElo "1294"]
[PlyCount "54"]

1. e4 e5 2. Nc3 Nf6 3. Nf3 d6 4. Bc4 h6 5. d4 Nbd7 6. O-O Be7 7. Nd5 Nxd5 8.
exd5 Nb6 9. Bb3 Bf6 10. c3 Bd7 11. Re1 O-O 12. h3 Re8 13. Qd3 a5 14. Bc2 g6 15.
c4 Bg5 16. a4 Qf6 17. Re2 c6 18. Be3 cxd5 19. c5 e4 20. Qc3 exf3 21. gxf3 Qxf3
22. Kf1 Bxh3+ 23. Ke1 Qh1+ 24. Kd2 Qxa1 25. cxb6 Bg4 26. Re1 Bxe3+ 27. fxe3 Qa2
0-1

[Event "Tournoi Skype 017B"]
[Site "Skype"]
[Date "????.??.??"]
[Round "1.31"]
[White "Tamditi, Ibrahim"]
[Black "Richmond, Aaron"]
[Result "1-0"]
[WhiteElo "1288"]
[BlackElo "1000"]
[PlyCount "59"]

1. e4 e5 2. Bc4 Nh6 3. Nf3 Nc6 4. d3 Bd6 5. Bxh6 gxh6 6. O-O Qe7 7. Qd2 b6 8.
Bd5 Nb8 9. Bxa8 Nc6 10. Bxc6 dxc6 11. d4 Rg8 12. Qc3 Bb7 13. dxe5 Bxe5 14. Nxe5
Qh4 15. Nxc6 Bc8 16. Qe5+ Kd7 17. Nxa7 Rxg2+ 18. Kxg2 Qg4+ 19. Qg3 Qxe4+ 20. f3
Qe2+ 21. Rf2 Qe3 22. Qg4+ Kd8 23. Qxc8+ Ke7 24. Nc3 Qg5+ 25. Kh1 h5 26. Qxc7+
Ke8 27. Re2+ Kf8 28. Qd6+ Kg7 29. Rg1 Kg8 30. Rxg5+ 1-0

[Event "Tournoi Skype 017B"]
[Site "Skype"]
[Date "????.??.??"]
[Round "1.32"]
[White "Rival, Jocelyn"]
[Black "Khatanhar, Mohit"]
[Result "0-1"]
[WhiteElo "1000"]
[BlackElo "1283"]
[PlyCount "58"]

1. Nf3 d6 2. d4 d5 3. Nc3 e6 4. e4 dxe4 5. Nxe4 Nf6 6. Nc3 Bd6 7. Bb5+ Bd7 8.
Bxd7+ Nbxd7 9. h3 h6 10. O-O O-O 11. Be3 Nh7 12. Re1 Be7 13. Ne2 Ng5 14. Ne5 c6
15. f4 Nh7 16. Nc1 f6 17. Ng4 f5 18. Ne5 Bh4 19. Rf1 Nxe5 20. fxe5 Bg5 21. Bxg5
Qxg5 22. c3 Rf7 23. Qe1 Raf8 24. Nb3 Qg6 25. Nc5 Ng5 26. h4 Nh7 27. Nxb7 Rxb7
28. Qd1 Rxb2 29. h5 Qxg2# 0-1

[Event "Tournoi Skype 017B"]
[Site "Skype"]
[Date "????.??.??"]
[Round "2.1"]
[White "Karia, Kirti"]
[Black "Sauvaget, Joel"]
[Result "0-1"]
[WhiteElo "1354"]
[BlackElo "1561"]
[PlyCount "40"]

1. e4 e6 2. d4 d6 3. Nf3 Nf6 4. Bd3 Be7 5. Bg5 Nbd7 6. Nbd2 h6 7. Be3 O-O 8.
O-O c6 9. Re1 Re8 10. Nf1 Qc7 11. Ng3 e5 12. Rc1 Bf8 13. Re2 d5 14. b3 Bd6 15.
a4 exd4 16. Bxd4 Ne5 17. exd5 Bg4 18. Bxe5 Bxe5 19. Rb1 Nxd5 20. Bc4 Nc3 0-1